Prietica / (Registro nro. 14508)

Detalles MARC
000 -LIDER
fixed length control field 01124nam a2200349 a 4500
001 - NÚMERO DE CONTROL
Identificador de número de control 000011016
003 - IDENTIFICACDOR DE NÚMERO DE CONTROL
control field DO-SdBNP
005 - DATE AND TIME OF LATEST TRANSACTION
control field 20231211112300.0
007 - CAMPOS FIJOS DE DESCRIPCIÓN FÍSICA
fixed length control field 000011016
008 - ELEMENTOS DE LONGITUD FIJA
fixed length control field 091013t2017 dr 001 p spa d
020 ## - ISBN
International Standard Book Number 9789945883190
040 ## - FUENTE DE CATALOGACIÓN
Agencia que crea de manera original el registro BPMU
Idioma de catalogación spa
Agencia que realiza la transcripción BPMSU
082 #4 - NÚMERO DE CLASIFICACIÓN DECIMAL DE DEWEY
Classification number RD863.5
Item number M492p 2017
Edition number 22
100 1# - ASIENTO PRINCIPAL -- NOMBRE PERSONAL
Nombre personal Medrano, Marianela
Fechas asociadas con el nombre 1964-
245 00 - MENCIÓN DE TITULO
Título Prietica /
Mención de responsabilidad Marianela Medrano ; ilustraciones Claudia Rodríguez
Subtítulo
260 0# - PUBLICACIÓN, DISTRIBUCIÓN, ETC. (PIE DE IMPRENTA)
Lugar de publicación, distribución, etc Santo Domingo :
Nombre del editor, distribuidor, etc. Grupo Santillana,
Fecha de publicación, distribución, etc 2017
300 ## - DESCRIPCIÓN FÍSICA
Extensión 72 p. ;
Dimensiones 22 cm.
490 0# - MENCIÓN DE SERIES
Mención de serie Naranja,
-- Loqueleo
590 ## - NOTA LOCAL
Texto de la nota local Inventariado, 2023/VM
650 #4 - ENCABEZAMIENTO DE MATERIA--TEMÁTICO
Término temático o nombre geográfico como elemento de entrada Cuentos infantiles dominicanos
Subdivisión temática general
650 #4 - ENCABEZAMIENTO DE MATERIA--TEMÁTICO
Término temático o nombre geográfico como elemento de entrada Literatura infantil dominicana
700 1# - ASIENTO SECUNDARIO -- NOMBRE PERSONAL
Nombre personal Rodríguez, Claudia
Mención de responsabilidad ilustraciones
Fechas asociadas con el nombre
700 12 - ASIENTO SECUNDARIO -- NOMBRE PERSONAL
Nombre personal Medrano, Manianela,
Fechas asociadas con el nombre 1964-
700 12 - ASIENTO SECUNDARIO -- NOMBRE PERSONAL
Nombre personal Sánchez, Carmen,
Fechas asociadas con el nombre 1960-
700 12 - ASIENTO SECUNDARIO -- NOMBRE PERSONAL
Nombre personal Arias, Aurora,
Fechas asociadas con el nombre 1962-
700 12 - ASIENTO SECUNDARIO -- NOMBRE PERSONAL
Nombre personal Hernández, Ángela,
Fechas asociadas con el nombre 1945 -
700 12 - ASIENTO SECUNDARIO -- NOMBRE PERSONAL
Nombre personal Román, Sabrina,
Fechas asociadas con el nombre 1956-
700 12 - ASIENTO SECUNDARIO -- NOMBRE PERSONAL
Nombre personal Santos, Yrene,
Fechas asociadas con el nombre 1964-
710 22 - ASIENTO SECUNDARIO -- NOMBRE CORPORATIVO
Nombre corporativo o de jurisdicción Universidad Autónoma de Santo Domingo
910 ## - VALIDACIÓN
Validación VMateo V. Control de calidad.BPMSU
942 ## - ADDED ENTRY ELEMENTS (KOHA)
Source of classification or shelving scheme Dewey Decimal Classification
Koha item type Libros
Existencias
Withdrawn status Lost status Source of classification or shelving scheme Damaged status Not for loan Collection code Home library Current library Date acquired Total Checkouts Full call number Barcode Date last seen Price effective from Koha item type
    Dewey Decimal Classification     Colección Infantil Dominicana Biblioteca Pública Metropolitana Salomé Ureña Biblioteca Pública Metropolitana Salomé Ureña 12/11/2023   BPMSU CDI RD863.5 M492p 2017 BPMSU23120025 12/11/2023 12/11/2023 Libros